000 00837nam a2200253 a 4500
005 20250221063746.0
008 011026s1999 es r 000 0 spa d
020 _a8427712472
035 _aUPN01000113572
049 _aCG
050 4 _aLB1570
_bS7.28
100 1 _aStainback, Susan
245 1 0 _aAulas inclusivas /
_cSusan Stainback, William Stainback ; tr. Pablo Manzano.
260 _aMadrid :
_bNarcea,
_c1999.
300 _a295 p. :
_bil.
440 0 _aEducación hoy.
_pEstudios
590 _aTambién localizas un ejemplar en el "Area de Reserva"
590 _aBibliografía Básica (BGTQ)
650 4 _aEDUCACION -
_zESTADOS UNIDOS -
_vPLANES Y PROGRAMAS
_916888
650 4 _aIntegración escolar
_9306
650 4 _aNiños con discapacidad
_xEducación
_91549
700 1 _aStainback, William,
_ecoaut.
905 _aLibro
999 _c87480
_d87480